000 00900nam a22002297a 4500
001 39334
003 BD-RjUL
005 20211209052953.0
008 160407s2016 bg a|||| |||| 00| 0 ben d
020 _a9789849120469
_c: Tk. 450
035 _a(BD-RjUL)39447
040 _aBD-RjUL
_bben
_cBD-RjUL
041 _aben
082 _223
_a891.4414
_bMAD 2016
100 _aমজিদ, শাকুর
_9121239
245 1 0 _a১০ সদর স্ট্রিট :
_bরবীন্দ্রনাথের কলকাতা /
_cশাকুর মজিদ,
260 _aঢাকা :
_bপ্রথমা প্রকাশন,
_c২০১৬.
300 _a২৭২ পৃ. :
_bচিত্র ;
_c২২ সেমি.
600 _aঠাকুর, রবীন্দ্রনাথ
_d১৮৬১-১৯৪১
_9121699
600 _aTagore, Rabindranath
_d1861-1941
_9121700
942 _2ddc
_cBK
_02
999 _c39334
_d39334